000 00879cam a22002773a 4500
001 3777
003 PGUSA
005 20140828083038.0
008 030201s2003||||xxu|||||s|||||000 1 eng d
040 _aPGUSA
_beng
042 _adc
050 4 _aPZ
050 4 _aPS
100 1 _aAppleton, Victor
245 1 0 _aTom Swift and His Electric Rifle; Or, Daring Adventures in Elephant Land
_h[electronic resource] /
_cVictor Appleton
260 _bProject Gutenberg,
_c2003
500 _aPRC version is in 10tom10p.prc and 10tom10p.zip
506 _aPublic domain in the USA.
516 _aElectronic text
653 _aAfrica -- Juvenile fiction
653 _aSwift, Tom (Fictitious character) -- Juvenile fiction
653 _aElephant hunting -- Juvenile fiction
830 0 _aProject Gutenberg
_v3777
856 4 0 _uhttp://www.gutenberg.org/ebooks/3777
942 _cEB
999 _c233106
_d233106